header

The abolition of slavery in Ottoman Tunisia (Record no. 36403)

MARC details
000 -LEADER
fixed length control field 01522nam a2200373Ia 4500
082 04 - DEWEY DECIMAL CLASSIFICATION NUMBER
Classification number 306.3/6209611
100 1# - MAIN ENTRY--AUTHOR NAME
Personal name Montana, Ismael Musah.
245 14 - TITLE STATEMENT
Title The abolition of slavery in Ottoman Tunisia
260 ## - PUBLICATION, DISTRIBUTION, ETC. (IMPRINT)
Place of publication Gainesville :
Name of publisher University Press of Florida,
Year of publication c2013.
300 ## - PHYSICAL DESCRIPTION
Number of Pages xxiii, 205 p. :
Other physical details ill., maps.
650 #0 - SUBJECT ADDED ENTRY--TOPICAL TERM
Topical Term Slavery
Topical Term Slave trade
Topical Term Human rights
Topical Term Antislavery movements
700 1# - ADDED ENTRY--PERSONAL NAME
Personal name Toledano, Ehud R.
856 40 - ELECTRONIC LOCATION AND ACCESS
Uniform Resource Identifier http://site.ebrary.com/lib/rucke/Doc?id=10738894

No items available.

© 2026 Rongo University
Contact us: librarian | system librarian | Rongo university